00404nam a2200145Ia 4500008004100000020001500041041001200056082001600068100002300084245008000107260003400187300000800221650001600229700001300245221030s9999 xx 000 0 und d a8175152575 aEnglish a105.23bHor aE. Horowitz ( PR ) 0aFundamentals of Computer Algorithms ( PR )cby E. Horowitz ( PR ), S. Sahni bGalgotia PubaNew Delhic2006 a769 aBE Computer aS. Sahni